La dialéctica de la integración y la exclusión social

Na minha lista:
Detalhes bibliográficos
Corporate Authors: INJUV (Author), Instituto Nacional de la Juventud (Author)
Formato: Livro
Idioma:espanhol
Publicado em: Santiago INJUV 2005
Edição:1a. ed
Colecção:Estudios del INJUV, 4
Assuntos:
Tags: Adicionar Tag
Sem tags, seja o primeiro a adicionar uma tag!

MARC

LEADER 00000cam a2200000 a 4500
001 UCK9183
003 CL-VaPUC
008 060421e20050000CL |||||||||||||||||spa|d
082 0 4 |a 305.235  |b INJ  |2 21 
110 2 |a INJUV  |e author  |9 498911 
710 2 |a Instituto Nacional de la Juventud  |e author  |9 498912 
245 1 3 |a La dialéctica de la integración y la exclusión social 
250 |a 1a. ed 
300 |a 366 p 
942 |c BK 
945 |d 20060421 00:00:00  |a cmena 
260 |a Santiago  |b INJUV  |c 2005 
650 0 |a Juventud  |9 271073 
650 0 |a Participación social  |9 256140 
650 0 |a Antropología cultural y social   |9 265143 
650 0 |a Integración social  |9 319662 
650 0 |a Problemas sociales  |9 258537 
650 0 |a Salud mental  |9 308393 
650 7 |a DESERCION ESCOLAR  |2 CL-VaPUC  |9 307945 
651 7 |a CHILE  |2 CL-VaPUC  |9 498913 
583 |a last modification  |c 20150703 09:34:00  |k Rodrigo Vera 
490 0 |a Estudios del INJUV, 4 
999 |c 316459  |d 316457 
952 |0 0  |1 0  |4 0  |6 305_235000000000000_INJ_2005  |7 0  |8 A  |9 390850  |a BIBGIM  |b BIBGIM  |d 2019-11-22  |i 4203844  |o 305.235 INJ 2005  |p 4203844  |r 2025-01-15  |w 2019-11-22  |y BK  |k GIM 
952 |0 0  |1 0  |4 0  |6 305_235000000000000_INJ_2005  |7 0  |8 A  |9 390851  |a BIBDER  |b BIBDER  |d 2019-11-22  |i 421675K  |o 305.235 INJ 2005  |p 421675K  |r 2023-01-25  |w 2019-11-22  |y BK  |k DER 
952 |0 0  |1 0  |4 0  |6 305_235000000000000_INJ_2005  |7 0  |8 A  |9 390852  |a BIBGIM  |b BIBGIM  |d 2019-11-22  |i 4323173  |o 305.235 INJ 2005  |p 4323173  |r 2025-01-15  |w 2019-11-22  |y BK  |k SSL 
952 |0 0  |1 0  |4 0  |6 305_235000000000000_INJ_2005  |7 0  |8 A  |9 390853  |a BIBGIM  |b BIBGIM  |d 2019-11-22  |i 4323181  |o 305.235 INJ 2005  |p 4323181  |r 2025-01-15  |w 2019-11-22  |y BK  |k SSL